All-Time Football League Teams Quiz Stats

 Plays Quiz not verified by Sporcle

Score 0/143 Timer 20:00
0 Plays Today
Seasons Team % Correct
1892-Manchester United
96.2%
1893-Arsenal
95.9%
1892-Manchester City
95.6%
1905-Chelsea
94.7%
1888-Aston Villa
93.7%
1893-Liverpool
93.4%
1888-Everton
92.8%
2011-AFC Wimbledon
92.5%
1919-West Ham United
92.5%
1893-Newcastle United
92.2%
1888-West Bromwich Albion
92.2%
1977-2004Wimbledon
92.2%
1920-Swansea City
91.8%
1894-Leicester City
91.5%
1888-Burnley
91.2%
1908-Tottenham Hotspur
91.2%
1920-Cardiff City
90.9%
1890-Sunderland
90.6%
1892-Nottingham Forest
90%
1920-Portsmouth
90%
1899-Middlesbrough
89.7%
1892-Sheffield Wednesday
89.7%
1920-Southampton
89.7%
1888-Bolton Wanderers
89.3%
1892-Birmingham City
89%
1888-Derby County
89%
1907-Fulham
89%
1920-Norwich City
89%
1892-Sheffield United
89%
1888-1928; 1928-Stoke City
89%
1938-Ipswich Town
88.7%
1920-AFC Bournemouth
88.4%
1888-Blackburn Rovers
88.4%
1888-Notts County
87.8%
1905-Hull City
87.5%
1888-Wolverhampton Wanderers
87.5%
1920-Leeds United
87.1%
1920-Brighton and Hove Albion
86.5%
1888-1893Accrington
85.9%
1869-1899; 1900-Blackpool
85.9%
1962-2006; 2010-Oxford United
85.9%
1920-Plymouth Argyle
85.9%
1901-Bristol City
85.3%
1920-Bristol Rovers
85.3%
1920-Queens Park Rangers
85.3%
1970-2005; 2014-Cambridge United
85%
1929-2004; 2012-2016York City
85%
1888-Preston North End
84.6%
Seasons Team % Correct
1920-Reading
84.6%
2003-Yeovil Town
84.3%
1920-Crystal Palace
84%
1931-2000; 2004-2009Chester City
83.7%
1921-Charlton Athletic
83.1%
1919-Coventry City
83.1%
1920-2003; 2008-Exeter City
83.1%
2004-Milton Keynes Dons
83.1%
1920-Swindon Town
83.1%
1898-Barnsley
82.8%
1910-Huddersfield Town
82.1%
1920-Millwall
82.1%
1920-Watford
81.5%
1928-2004; 2005-Carlisle United
81.2%
1921–2015; 2018-Tranmere Rovers
81.2%
1903-Bradford City
80.9%
1907-Oldham Athletic
80.9%
1897-2009; 2014-Luton Town
80.6%
1920-Northampton Town
80.3%
1978-Wigan Athletic
80.3%
1892-2010; 2016-Grimsby Town
79.9%
2017-Forest Green Rovers
79.6%
2009-Burton Albion
79.3%
1894-Bury
79.3%
1920-Gillingham
79.3%
1892-1986; 1987-2011; 2017-Lincoln City
78.7%
1920-1988; 2013-Newport County
78.7%
1892-Walsall
78.4%
1991-2001; 2005-2013; 2015-2018Barnet
78.1%
1899-1909; 1921-2018Chesterfield
78.1%
1920-2017Hartlepool United
77.7%
1892-Port Vale
77.7%
1921-2008Wrexham
77.7%
1923-1998; 2003-Doncaster Rovers
77.4%
1921-Brentford
76.8%
1950-1990; 1992-Colchester United
76.8%
1931-2008; 2013-Mansfield Town
76.8%
1960-Peterborough United
76.8%
1993-Wycombe Wanderers
76.2%
1932-1992Aldershot
75.2%
1892-Crewe Alexandra
75.2%
1920-Southend United
75.2%
1999-2015Cheltenham Town
74.6%
1927-2007; 2009-2014Torquay United
74.6%
1905-2017Leyton Orient
74%
2007-2016Dagenham & Redbridge
73.7%
1918-Rotherham United
73.7%
1950-Scunthorpe United
73.7%
Seasons Team % Correct
2012-Fleetwood Town
73%
1900-2011Stockport County
73%
2011-Crawley Town
72.1%
1921-1989; 1990-2010Darlington
72.1%
1997-2012; 2018-Macclesfield Town
71.8%
2007-Morecambe
71.8%
2010-Stevenage
71.8%
1921-Rochdale
71.2%
1972-1997; 2006-2012Hereford United
70.8%
1950-2003; 2004-Shrewsbury Town
69.3%
2000-2005Kidderminster Harriers
68.7%
1908-1970Bradford Park Avenue
65.8%
1921-1993; 1999-2002Halifax Town
63.6%
2001-2006Rushden & Diamonds
62.1%
1921-1978Southport
62.1%
1930-1960Gateshead
61.1%
2002-2007Boston United
60.5%
1905-1920Leeds City
58.9%
1987–1999Scarborough
58.6%
1921-1962; 2006-Accrington Stanley
58.3%
1989-1992Maidstone United
57.7%
1921-1970Barrow
53.6%
1951-1977Workington
53%
1893-1896Rotherham Town
46.4%
1898-1915Glossop
45.5%
1891-1899Darwen
44.5%
2008-2013Aldershot Town
43.9%
1892-1894Northwich Victoria
43.3%
1901-1907Burton United
42.6%
1923-1951New Brighton
42.6%
1892-1901Burton Swifts
41.7%
1921-1928Durham City
41.7%
1920-1930Merthyr Town
41.4%
1921-1927Aberdare Athletic
40.4%
1896-1912Gainsborough Trinity
40.4%
1895-1900Loughborough
39.8%
1921-1931Wigan Borough
39.2%
1921-1923Stalybridge Celtic
38.9%
1930-1932Thames
38.2%
1921-1929Ashington
37.9%
1919–1930South Shields
37.9%
1893-1894Middlesbrough Ironopolis
37.6%
1894-1897Burton Wanderers
35.4%
1898-1901New Brighton Tower
35.4%
1892-1893Bootle
35.1%
1921-1931Nelson
33.5%
1919-1925Rotherham County
32.3%

You're not logged in!

Compare scores with friends on all Sporcle quizzes.
Join for Free
OR
Log In

You Might Also Like...

Show Comments

Extras

Top Quizzes Today


Score Distribution

Your Account Isn't Verified!

In order to create a playlist on Sporcle, you need to verify the email address you used during registration. Go to your Sporcle Settings to finish the process.

Report this User

Report this user for behavior that violates our Community Guidelines.

Details: